Συγκριτική αξιολόγηση εναλλακτικών μεθόδων διαχείρισης της παραγόμενης ιλύος στη νήσο Λέσβο : πτυχιακή εργασία [μεταπτυχιακή]

Αποθηκεύτηκε σε:
Λεπτομέρειες βιβλιογραφικής εγγραφής
Κύριος συγγραφέας: Νικέλλη, Μερόπη
Συγγραφή απο Οργανισμό/Αρχή: Πανεπιστήμιο Αιγαίου Σχολή Περιβάλλοντος Τμήμα Περιβάλλοντος Θεοφράστειο Πρόγραμμα Μεταπτυχιακών Σπουδών Περιβαλλοντική και Οικολογική Μηχανική
Άλλοι συγγραφείς: Στασινάκης, Αθανάσιος (dgs [Επιβλέπων καθηγητής])
Μορφή: Thesis Βιβλίο
Γλώσσα:Greek
Δημοσίευση: 2012.
Θέματα:
Διαθέσιμο Online:http://hdl.handle.net/11610/14870
Ετικέτες: Προσθήκη ετικέτας
Δεν υπάρχουν, Καταχωρήστε ετικέτα πρώτοι!

MARC

LEADER 00000cam a2200000 i 4500
001 1/35664
008 130827s2012 gre d
035 |l 10115497 
040 |a GR-MY-UA  |b gre  |e aacr 
041 0 |a gre 
082 0 |a 628.3  |2 (22) 
100 1 |a Νικέλλη, Μερόπη. 
245 1 0 |a Συγκριτική αξιολόγηση εναλλακτικών μεθόδων διαχείρισης της παραγόμενης ιλύος στη νήσο Λέσβο :   |b πτυχιακή εργασία [μεταπτυχιακή] /   |c επιμέλεια: Νικέλλη Μερόπη ; επιβλέπων: Στασινάκης Αθανάσιος.  
260 |c 2012.  
300 |a 138 σ. :   |b εικ., διαγρ., πίν. ;   |c 30 εκ.  
500 |a Μέλη επιτροπής: Καλαντζή Όλγα-Ιωάννα, Ματσούκας Χρήστος.  
502 |a Διατριβή (μεταπτυχιακή) - Πανεπιστήμιο Αιγαίου, Λέσβος, 2012.  
504 |a Βιβλιογραφία: σ. 138.  
650 0 0 |a Sewage sludge  |x Management. 
650 0 0 |a Sewage sludge digestion. 
650 0 |a Sewage disposal plants  |z Greece  |z Lesbos (Municipality) 
650 0 0 |a Dissertations, Academic  |z Greece. 
700 1 |a Στασινάκης, Αθανάσιος,  |e dgs [Επιβλέπων καθηγητής] 
710 2 |a Πανεπιστήμιο Αιγαίου  |b Σχολή Περιβάλλοντος  |b Τμήμα Περιβάλλοντος  |b Θεοφράστειο Πρόγραμμα Μεταπτυχιακών Σπουδών Περιβαλλοντική και Οικολογική Μηχανική. 
852 |a INST  |b LESVOS  |c DIATR  |e 20130827  |h 243  |p 005100052940  |q 005100052940  |t MTXE  |y 23 
852 |a INST  |b LESVOS  |c DIATR  |e 20130827  |h 244  |p 005100052939  |q 005100052939  |t MTXE  |y 23 
856 |u http://hdl.handle.net/11610/14870 
901 |a BIBL1-2013-2 
909 |a Λ  |b 182111 
909 |a Λ  |b 182112 
924 |a ΝΙΚΕΛΛΗ  |b ΜΕΡΟΠΗ  |y ΛΕΣΒΟΣ  |z 2013-01 
970 |a ΤΖΑΦΕΡΗ  |b ΕΥΑΓΓΕΛΙΑ  |z 2013/09/03